مرشد المعلم : المرحلة الثانوية / (رقم التسجيلة. 79133)

تفاصيل مارك
000 -LEADER
fixed length control field 00719nam a22002297a 4500
005 - DATE AND TIME OF LATEST TRANSACTION
control field 20251108172429.0
008 - FIXED-LENGTH DATA ELEMENTS--GENERAL INFORMATION
fixed length control field 250721s9999 xx 000 0 ara d
082 14 - DEWEY DECIMAL CLASSIFICATION NUMBER
Classification number 371.1كيم
100 1# - MAIN ENTRY--PERSONAL NAME
Personal name كيم، يوجين ٍ
245 10 - TITLE STATEMENT
Title مرشد المعلم : المرحلة الثانوية /
264 1# - PRODUCTION, PUBLICATION, DISTRIBUTION, MANUFACTURE, AND COPYRIGHT NOTICE
Place of production, publication, distribution, manufacture القاهرة :
Name of producer, publisher, distributor, manufacturer عالم الكتب،
300 ## - PHYSICAL DESCRIPTION
Extent 271ص
650 17 - SUBJECT ADDED ENTRY--TOPICAL TERM
Topical term or geographic name as entry element المدرسون
650 17 - SUBJECT ADDED ENTRY--TOPICAL TERM
Topical term or geographic name as entry element التدريس
650 17 - SUBJECT ADDED ENTRY--TOPICAL TERM
Topical term or geographic name as entry element تدريب المدرسين
650 17 - SUBJECT ADDED ENTRY--TOPICAL TERM
Topical term or geographic name as entry element أساليبالتدريس
650 17 - SUBJECT ADDED ENTRY--TOPICAL TERM
Topical term or geographic name as entry element التعليم
700 1# - ADDED ENTRY--PERSONAL NAME
Personal name كيلرج، ريشارد.د
Relator term مؤلف مشارك
700 1# - ADDED ENTRY--PERSONAL NAME
Personal name أبو العزايم، إسماعيل
Relator term مترجم
942 ## - ADDED ENTRY ELEMENTS (KOHA)
Source of classification or shelving scheme Dewey Decimal Classification
Koha item type كتب
المقتنيات
حالة السحب حالة الفقدان مصدر التصنيف حالة التلف غير قابل للإعارة المكتبة الرئيسية المكتبة الحالية موقع الرف تاريخ التزويد الرقم المتسلسل Total Checkouts رقم الإستدعاء الباركود تاريخ آخر ظهور تاريخ الفاتورة نوع المادة (كوها)
    Dewey Decimal Classification   Not For Loan مكتبة منتدى الرواد مكتبة منتدى الرواد لا يعار 28/07/2025 1652122   371.1كيم PLD00413595 28/07/2025 28/07/2025 كتب
Implemented & Customized by: BBB with SCIT (Smart Chains for Information Technology)

Powered by Koha